| Поле | Инд. | ПП | Название | Значение |
|---|---|---|---|---|
| Тип записи | a | |||
| Библиографический уровень | m | |||
| 001 | Контрольный номер | 148708887a23409882e92d1fe806dd89 | ||
| 005 | Дата корректировки | 20170328154104.6 | ||
| 008 | Кодируемые данные | 050606 | ||
| 020 | a | ISBN | 5-7777-0215-5 | |
| c | Цена, тираж | 60.00 | ||
| 040 | a | Служба первич. каталог. | НБ ТвГУ | |
| 041 | a | Код языка текста | rus | |
| h | Код языка оригинала | fre | ||
| 080 | a | Индекс УДК | 94(38).09 | |
| 084 | a | Индекс другой классификации/Индекс ББК | Т3(0)329.44 | |
| 090 | a | Полочн. индекс | Т3(0)32 | |
| x | Авторский знак | Т29 | ||
| 100 | 1_ | a | Автор | Тевено Эмиль |
| 245 | 00 | a | Заглавие | История галлов |
| c | Ответственность | Эмиль Тевено ; [пер. с фр. Е. Ю. Леоновой] | ||
| 260 | 0_ | a | Место издания | Москва |
| b | Издательство | Весь Мир | ||
| c | Дата издания | 2002 | ||
| 300 | a | Объем | 159 с. | |
| 440 | a | Серия | Весь Мир Знаний | |
| 504 | a | Библиография | Библиогр.: с. 153-157. | |
| 583 | a | Действие | Получение впервые 172 06.06.2005 | |
| k | Исполнитель действия | ООО "Книжный мир" | ||
| 650 | a | Основная рубрика | Галлы | |
| 650 | a | Основная рубрика | Галлия | |
| x | Основная подрубрика | История | ||
| z | Географическая подрубрика | Европа | ||
| 653 | a | Ключевые слова | Античная Европа | |
| a | Ключевые слова | Античность | ||
| a | Ключевые слова | Галлия | ||
| a | Ключевые слова | Галлы | ||
| a | Ключевые слова | История Европы | ||
| 700 | 1_ | a | Другие авторы | Леонова Е. Ю. |
| e | Роль лиц | пер. | ||
| 852 | t | Порядковый номер экземпляра | 1 | |
| p | Инвентарный номер | 808902 | ||
| 888 | a | За счет средств университета | ||
| 920 | a | Оператор | Хохл | |
| a | Оператор | Стро | ||
| 952 | p | 172.2005 60.00 1 808902 | ||
| c | Вид литературы | К рн | ||
| 954 | a | Дата поступления на обработку | 20051209 | |
| c | Дата окончания ОНО | 20130617 | ||
| b | Дата поступления в ОК | 20130606 | ||
| 999 | a | Подразделение 2 | ч.з. |